[Event "IV Scaccomatto A"]
[Site "Torino ITA"]
[Date "2002.11.19"]
[Round "2"]
[White "Janev, Evgeni"]
[Black "Racioppo, Paolo"]
[Result "1-0"]
[WhiteElo "2473"]
[BlackElo "2208"]
[PlyCount "99"]
[EventDate "2002.11.18"]

1. e4 c5 2. Nf3 a6 3. g3 d6 4. Bg2 Nc6 5. O-O g6 6. d4 cxd4 7. Nxd4 Bg7 8. Nxc6
bxc6 9. e5 d5 10. c4 e6 11. Re1 Ne7 12. Nc3 O-O 13. Na4 Rb8 14. Bg5 h6 15. Bd2
Kh7 16. Rc1 f6 17. exf6 Bxf6 18. Bf4 Rb7 19. Qc2 Nf5 20. b3 Bd4 21. cxd5 cxd5
22. Nc5 Re7 23. Be5 Ref7 24. Nd3 Ba7 25. Nc5 Qb6 26. f4 Bb7 27. Qd2 Rc8 28. b4
a5 29. a3 axb4 30. axb4 Qb5 31. Bf1 Qb6 32. Bd3 Ba8 33. Bxf5 gxf5 34. Bd4 Rb8
35. Rb1 Re7 36. Kh1 Qc6 37. g4 Bxc5 38. bxc5 Rxb1 39. Rxb1 Rb7 40. Rg1 Qe8 41.
Qe1 fxg4 42. Qe5 Qg8 43. h3 Qb8 44. Qf6 h5 45. hxg4 Qe8 46. g5 e5 47. g6+ Kh6
48. Bxe5 Qxe5 49. fxe5 d4 50. g7+ 1-0

[Event "IV Scaccomatto A"]
[Site "Torino ITA"]
[Date "2002.11.19"]
[Round "2"]
[White "Maccagno, Giancarlo"]
[Black "Bjarnason, Oskar"]
[Result "1/2-1/2"]
[WhiteElo "2130"]
[BlackElo "2195"]
[PlyCount "40"]
[EventDate "2002.11.18"]

1. e4 d5 2. exd5 Qxd5 3. Nc3 Qa5 4. d4 Nf6 5. Nf3 Bg4 6. h3 Bh5 7. Bd2 Qb6 8.
Be2 c6 9. Na4 Qd8 10. c3 Nbd7 11. b4 e6 12. O-O Qc7 13. Nb2 Bd6 14. Nc4 Bf4 15.
Bxf4 Qxf4 16. g3 Qc7 17. Nfe5 Bxe2 18. Qxe2 O-O 19. a4 b6 20. Qf3 Rac8 1/2-1/2

[Event "IV Scaccomatto A"]
[Site "Torino ITA"]
[Date "2002.11.19"]
[Round "2"]
[White "Mrdja, Milan"]
[Black "Ranieri, Fabrizio"]
[Result "1/2-1/2"]
[WhiteElo "2368"]
[BlackElo "2173"]
[PlyCount "36"]
[EventDate "2002.11.18"]

1. e4 e6 2. d4 d5 3. Nc3 Nf6 4. e5 Nfd7 5. f4 c5 6. Nf3 Nc6 7. Be3 cxd4 8. Nxd4
Qb6 9. Ncb5 a6 10. Nf5 Bc5 11. Nbd6+ Kf8 12. Qh5 Nd8 13. Nxg7 Bxe3 14. Nxe6+
fxe6 15. Qe8+ Kg7 16. Qe7+ Kg8 17. Qg5+ Kf8 18. Qh6+ Kg8 1/2-1/2

[Event "IV Scaccomatto A"]
[Site "Torino ITA"]
[Date "2002.11.19"]
[Round "2"]
[White "Pepino, Enrico"]
[Black "Vozza, Nicola"]
[Result "1-0"]
[WhiteElo "2084"]
[BlackElo "1822"]
[PlyCount "95"]
[EventDate "2002.11.18"]

1. e4 e5 2. Nf3 Nc6 3. d4 exd4 4. Nxd4 Bc5 5. Nxc6 Qf6 6. Qd2 dxc6 7. Bd3 Be6
8. O-O O-O-O 9. Qg5 Qxg5 10. Bxg5 f6 11. Bd2 Ne7 12. Bc3 Ng6 13. g3 Bh3 14. Re1
Ne5 15. Be2 h5 16. Nd2 h4 17. Nb3 Bb6 18. Rad1 hxg3 19. hxg3 Ng4 20. Bd4 Rde8
21. Bxb6 cxb6 22. Nd2 Rh6 23. Bxg4+ Bxg4 24. f3 Be6 25. Kg2 Reh8 26. Rh1 Rxh1
27. Rxh1 Rd8 28. Nf1 Bxa2 29. Rh7 Rd7 30. f4 Kd8 31. Kf3 Ke8 32. Ne3 Bb1 33. e5
fxe5 34. fxe5 Kf7 35. Ke4 Kg6 36. Rh1 Ba2 37. b3 c5 38. Ra1 Rd4+ 39. Kf3 Bxb3
40. cxb3 Rd3 41. Rxa7 Rxb3 42. Rxb7 c4 43. Ke4 Rb4 44. Nd5 Rb3 45. Rxb6+ Kf7
46. e6+ Kg6 47. Rxb3 cxb3 48. Kd3 1-0

[Event "IV Scaccomatto A"]
[Site "Torino ITA"]
[Date "2002.11.19"]
[Round "2"]
[White "Pulito, Alberto"]
[Black "Saccona, Silvano"]
[Result "1/2-1/2"]
[WhiteElo "2019"]
[BlackElo "2101"]
[PlyCount "21"]
[EventDate "2002.11.18"]

1. e4 c6 2. d4 d5 3. Nd2 dxe4 4. Nxe4 Nf6 5. Nxf6+ exf6 6. c3 Bd6 7. Bd3 O-O 8.
Ne2 Re8 9. O-O Nd7 10. Bf4 Nf8 11. Qd2 1/2-1/2

[Event "IV Scaccomatto A"]
[Site "Torino ITA"]
[Date "2002.11.19"]
[Round "2"]
[White "Soncin, Denis"]
[Black "Fittante, Giuliana"]
[Result "1-0"]
[WhiteElo "2048"]
[BlackElo "1779"]
[PlyCount "66"]
[EventDate "2002.11.18"]

1. e4 e5 2. Bc4 Nf6 3. d4 Nc6 4. Nf3 exd4 5. e5 d5 6. Bb5 Ne4 7. Nxd4 Bd7 8.
Bxc6 bxc6 9. O-O Be7 10. f3 Ng5 11. f4 Ne4 12. f5 c5 13. Ne2 Bc6 14. Nbc3 Nxc3
15. bxc3 Bg5 16. Nf4 d4 17. c4 Be4 18. e6 Bxf5 19. exf7+ Kf8 20. Ba3 Qd6 21.
Nd3 Bxd3 22. cxd3 Bf6 23. Qh5 Be7 24. Rae1 Qg6 25. Qd5 c6 26. Qd7 Qd6 27. Qxe7+
Qxe7 28. Rxe7 Kxe7 29. Bxc5+ Ke6 30. f8=Q Rhxf8 31. Rxf8 Rxf8 32. Bxf8 g6 33.
Bc5 Ke5 1-0

[Event "IV Scaccomatto A"]
[Site "Torino ITA"]
[Date "2002.11.19"]
[Round "2"]
[White "Sorcinelli, Francesco"]
[Black "Gerard, Nicolas"]
[Result "1/2-1/2"]
[WhiteElo "1965"]
[BlackElo "2254"]
[PlyCount "117"]
[EventDate "2002.11.18"]

1. e4 c5 2. Nc3 Nc6 3. f4 g6 4. Nf3 Bg7 5. Bc4 e6 6. f5 Nge7 7. fxe6 dxe6 8.
O-O O-O 9. d3 h6 10. Be3 Nd4 11. Qd2 Kh7 12. a4 Nec6 13. Nd1 Nxf3+ 14. Rxf3 Ne5
15. Rh3 Nxc4 16. dxc4 Qxd2 17. Bxd2 b6 18. e5 Rd8 19. Bc3 Bb7 20. Nf2 a5 21. g4
Kg8 22. Kf1 Rd7 23. Ke2 Rad8 24. Ke3 Bf8 25. Ne4 Bxe4 26. Kxe4 Rd1 27. Rxd1
Rxd1 28. Rd3 Rc1 29. Rd7 Rxc2 30. h3 Rh2 31. Rb7 Rxh3 32. Rxb6 h5 33. Rb8 Rg3
34. gxh5 gxh5 35. Bd2 Kg7 36. Bf4 Rg6 37. Ra8 h4 38. Rxa5 h3 39. Rb5 Rg2 40.
Kf3 Rc2 41. a5 Rxc4 42. Rb3 Rd4 43. a6 Rd8 44. a7 Ra8 45. Rb7 Kg6 46. Be3 Bg7
47. Bf4 Bh6 48. Bh2 Bc1 49. b3 Bb2 50. Kg4 Bd4 51. Rd7 Be3 52. Kf3 Bd4 53. b4
cxb4 54. Rxd4 Rxa7 55. Rxb4 Ra3+ 56. Kf2 Kg5 57. Bf4+ Kf5 58. Bh2 Kg5 59. Bf4+
1/2-1/2

[Event "IV Scaccomatto A"]
[Site "Torino ITA"]
[Date "2002.11.20"]
[Round "3"]
[White "Bjarnason, Oskar"]
[Black "Mrdja, Milan"]
[Result "1/2-1/2"]
[WhiteElo "2195"]
[BlackElo "2368"]
[PlyCount "30"]
[EventDate "2002.11.18"]

1. e4 d6 2. d4 Nf6 3. Nc3 e5 4. dxe5 dxe5 5. Qxd8+ Kxd8 6. Nf3 Bd6 7. Bg5 Be6
8. Bxf6+ gxf6 9. O-O-O a6 10. Nh4 Nc6 11. Nd5 Bxd5 12. Rxd5 Nb4 13. Ra5 Nc6 14.
Rd5 Nb4 15. Ra5 Nc6 1/2-1/2

[Event "IV Scaccomatto A"]
[Site "Torino ITA"]
[Date "2002.11.20"]
[Round "3"]
[White "Fassio, Luca"]
[Black "Pulito, Alberto"]
[Result "0-1"]
[WhiteElo "2194"]
[BlackElo "2019"]
[PlyCount "36"]
[EventDate "2002.11.18"]

1. e4 d5 2. exd5 Nf6 3. d4 Bg4 4. f3 Bf5 5. c4 e6 6. dxe6 Nc6 7. Be3 Bb4+ 8.
Nc3 Qe7 9. Bd3 Bxe6 10. Kf2 O-O-O 11. a3 Bc5 12. Nge2 Bxd4 13. Nxd4 Nxd4 14.
Bxd4 Rxd4 15. Ne2 Rd7 16. Qb3 Qc5+ 17. Kf1 Rhd8 18. Nf4 Rxd3 0-1

[Event "IV Scaccomatto A"]
[Site "Torino ITA"]
[Date "2002.11.20"]
[Round "3"]
[White "Fittante, Giuliana"]
[Black "Vozza, Nicola"]
[Result "1-0"]
[WhiteElo "1779"]
[BlackElo "1822"]
[PlyCount "59"]
[EventDate "2002.11.18"]

1. d4 f5 2. c4 Nf6 3. Nc3 d6 4. Nf3 g6 5. g3 Bg7 6. Bg2 O-O 7. O-O Nc6 8. d5
Ne5 9. Nxe5 dxe5 10. b4 a6 11. Bb2 Qe8 12. Rc1 g5 13. c5 Qg6 14. d6 exd6 15.
cxd6 c6 16. Na4 Nd7 17. Nc5 Kh8 18. Qd2 e4 19. Bxg7+ Kxg7 20. Qd4+ Kh6 21. Rfd1
Rf6 22. Rc2 a5 23. a3 axb4 24. axb4 b6 25. Nxd7 Bxd7 26. Rcd2 b5 27. f3 Re6 28.
fxe4 fxe4 29. Qe3 Rae8 30. Bh3 1-0

[Event "IV Scaccomatto A"]
[Site "Torino ITA"]
[Date "2002.11.20"]
[Round "3"]
[White "Gerard, Nicolas"]
[Black "Pepino, Enrico"]
[Result "1-0"]
[WhiteElo "2254"]
[BlackElo "2084"]
[PlyCount "63"]
[EventDate "2002.11.18"]

1. d4 Nf6 2. c4 g6 3. Nc3 Bg7 4. e4 d6 5. f4 O-O 6. Nf3 c5 7. d5 e6 8. Be2 exd5
9. cxd5 Re8 10. e5 dxe5 11. fxe5 Ng4 12. O-O Nxe5 13. Bf4 Nbd7 14. d6 Nxf3+ 15.
Bxf3 Ne5 16. Nb5 Rb8 17. Nc7 Rf8 18. Re1 Nxf3+ 19. Qxf3 Bd4+ 20. Kh1 Qh4 21.
Re7 Bg4 22. Qd5 Qf2 23. Bg3 Qxb2 24. Rf1 Bf5 25. Bf4 Rbd8 26. g4 Bxg4 27. Bc1
Rxd6 28. Rexf7 Bf5 29. Rxf8+ Kxf8 30. Qxd6+ Kg7 31. Qe7+ Kg8 32. Bxb2 1-0

[Event "IV Scaccomatto A"]
[Site "Torino ITA"]
[Date "2002.11.20"]
[Round "3"]
[White "Malano, Francesco"]
[Black "Sorcinelli, Francesco"]
[Result "0-1"]
[WhiteElo "2062"]
[BlackElo "1965"]
[PlyCount "102"]
[EventDate "2002.11.18"]

1. d4 Nf6 2. Nf3 g6 3. g3 Bg7 4. Bg2 O-O 5. O-O d6 6. c4 c5 7. Nc3 Nc6 8. d5
Na5 9. Qd3 a6 10. Rb1 b5 11. Nd2 bxc4 12. Nxc4 Nxc4 13. Qxc4 Rb8 14. b4 Nd7 15.
a3 Qc7 16. Na4 Ne5 17. Qc2 Bf5 18. e4 Bd7 19. Be3 Bb5 20. Rfd1 Qd7 21. Nc3 Rfc8
22. bxc5 dxc5 23. Nxb5 axb5 24. Bf1 h5 25. Be2 c4 26. f4 Nd3 27. Qd2 Nc5 28. e5
Na4 29. Rbc1 e6 30. d6 Nc5 31. Qb2 Nb3 32. Rc2 Rc6 33. Bf3 Rcc8 34. Bf2 Nc5 35.
Be2 Ne4 36. Be3 Rc6 37. Bf3 Rxd6 38. Rxd6 Nxd6 39. Rd2 Qc7 40. exd6 Qa5 41. Bd4
c3 42. Qa1 cxd2 43. Bxg7 Rc8 44. Kg2 Rc2 45. Kh3 b4 46. Be4 Rc1 47. Qf6 d1=Q
48. Bh6 Qg4+ 49. Kg2 Rc2+ 50. Bxc2 Qd5+ 51. Kg1 Qc5+ 0-1

[Event "IV Scaccomatto A"]
[Site "Torino ITA"]
[Date "2002.11.20"]
[Round "3"]
[White "Racioppo, Paolo"]
[Black "Soncin, Denis"]
[Result "1-0"]
[WhiteElo "2208"]
[BlackElo "2048"]
[PlyCount "65"]
[EventDate "2002.11.18"]

1. e4 c5 2. d3 Nc6 3. g3 d5 4. Nd2 Nf6 5. Bg2 e6 6. Ngf3 Be7 7. O-O O-O 8. Re1
b5 9. e5 Nd7 10. Nf1 Bb7 11. h4 a5 12. Bf4 c4 13. d4 b4 14. c3 Qb6 15. Ng5 g6
16. Nh2 Rab8 17. h5 bxc3 18. bxc3 Qb2 19. hxg6 hxg6 20. Rc1 Qxa2 21. Qg4 Kg7
22. Nxe6+ fxe6 23. Qxe6 Nb6 24. Rb1 Rxf4 25. gxf4 Bh4 26. Rf1 Bxf2+ 27. Kh1 Ba8
28. Qf6+ Kh7 29. Qf7+ Kh8 30. Qxg6 Nd7 31. Rxb8+ Ncxb8 32. e6 Nf8 33. Qf6+ 1-0

[Event "IV Scaccomatto A"]
[Site "Torino ITA"]
[Date "2002.11.20"]
[Round "3"]
[White "Ranieri, Fabrizio"]
[Black "Maccagno, Giancarlo"]
[Result "1/2-1/2"]
[WhiteElo "2173"]
[BlackElo "2130"]
[PlyCount "77"]
[EventDate "2002.11.18"]

1. e4 c5 2. Nf3 Nc6 3. d4 cxd4 4. Nxd4 e6 5. Nc3 a6 6. Be3 Nge7 7. Nb3 b5 8.
Be2 Bb7 9. Nc5 Bc8 10. O-O d6 11. Nb3 Ng6 12. f4 Be7 13. Nd4 Nxd4 14. Bxd4 O-O
15. a3 Bb7 16. Kh1 Rc8 17. Bg4 Nh4 18. Rf2 Rc4 19. Be2 Rc8 20. Bd3 f5 21. Qe2
e5 22. fxe5 f4 23. Qg4 Ng6 24. Qe6+ Kh8 25. exd6 Qxd6 26. Qxd6 Bxd6 27. a4 b4
28. Nd5 Ne5 29. Rd1 f3 30. Rdf1 b3 31. gxf3 bxc2 32. Bxc2 Nxf3 33. Bc3 Ng5 34.
Rxf8+ Bxf8 35. h4 Ne6 36. Rf7 Nc5 37. h5 Kg8 38. Rf1 Re8 39. h6 1/2-1/2

[Event "IV Scaccomatto A"]
[Site "Torino ITA"]
[Date "2002.11.20"]
[Round "3"]
[White "Saccona, Silvano"]
[Black "Chille', Pasquale"]
[Result "1/2-1/2"]
[WhiteElo "2101"]
[BlackElo "1807"]
[PlyCount "148"]
[EventDate "2002.11.18"]

1. c4 e5 2. Nc3 Nf6 3. Nf3 d6 4. g3 Be7 5. Bg2 O-O 6. O-O Nbd7 7. d3 Re8 8. b4
Nf8 9. Qb3 Bd7 10. Bb2 Qc8 11. Rfd1 Bg4 12. Rac1 Ne6 13. Nd5 c6 14. Nxe7+ Rxe7
15. c5 d5 16. Bxe5 Ng5 17. Bxf6 gxf6 18. Nxg5 fxg5 19. f3 Bh3 20. e4 Bxg2 21.
Kxg2 g4 22. Rf1 gxf3+ 23. Rxf3 dxe4 24. dxe4 Qg4 25. Re1 Rd8 26. Qe3 Red7 27.
Re2 Rd3 28. Qf4 Qxf3+ 29. Qxf3 Rxf3 30. Kxf3 Rd4 31. Rb2 Rd3+ 32. Kf4 Kg7 33.
Kf5 f6 34. a4 Kf7 35. e5 Rd5 36. Re2 a5 37. Re4 axb4 38. Rxb4 Rxe5+ 39. Kf4 Re7
40. Re4 Rd7 41. g4 Kg6 42. Rb4 Kf7 43. a5 Ke6 44. Ke4 Rg7 45. h3 Rd7 46. Rb6
Rc7 47. Rb3 Rd7 48. Rb6 Rc7 49. a6 bxa6 50. Rxa6 Re7 51. Kd4 Rd7+ 52. Ke4 Re7
53. Kd4 Rd7+ 54. Kc4 Rc7 55. Ra1 Rb7 56. Re1+ Kf7 57. Rf1 Kg6 58. Rd1 Kg5 59.
Rd6 Rc7 60. Kd4 f5 61. gxf5 Kxf5 62. Rh6 Kg5 63. Re6 h5 64. Ke5 Kh4 65. Kd6 Rg7
66. Rh6 Kg5 67. Re6 Kh4 68. Kxc6 Kxh3 69. Kd6 h4 70. c6 Kg2 71. c7 Rg8 72. Kd7
h3 73. Re8 Rxe8 74. Kxe8 h2 1/2-1/2

[Event "IV Scaccomatto A"]
[Site "Torino ITA"]
[Date "2002.11.21"]
[Round "4"]
[White "Chille', Pasquale"]
[Black "Fassio, Luca"]
[Result "1-0"]
[WhiteElo "1807"]
[BlackElo "2194"]
[PlyCount "96"]
[EventDate "2002.11.18"]

1. e4 g6 2. Nf3 Bg7 3. d4 d6 4. Be3 Nf6 5. Nbd2 O-O 6. Be2 Nbd7 7. O-O c5 8. c3
b6 9. dxc5 bxc5 10. h3 Qc7 11. Qc2 a5 12. Rfd1 Bb7 13. Bd3 Bc6 14. Bf4 Qb7 15.
Rab1 Rfb8 16. Re1 e5 17. Bh2 a4 18. Nc4 Bf8 19. Nfd2 Nh5 20. Re3 Qc7 21. Be2
Ng7 22. f4 Re8 23. fxe5 dxe5 24. Rf1 Ne6 25. Bg4 Bg7 26. Bxe6 Rxe6 27. Ref3 Rf8
28. R3f2 Bb5 29. Rd1 Nb6 30. Nxb6 Qxb6 31. c4 Bc6 32. Rdf1 f6 33. Nb1 Bh6 34.
Re2 Qb4 35. Qd3 Qb7 36. Nc3 Kg7 37. Nd5 Bxd5 38. cxd5 Rb6 39. Qc3 Qc7 40. Ref2
Bg5 41. Bxe5 fxe5 42. Rxf8 Bf6 43. Re8 Qd7 44. Qxc5 Qxe8 45. Qxb6 Bg5 46. d6
Kh6 47. Qc5 Qe6 48. Qd5 Qe8 1-0

[Event "IV Scaccomatto A"]
[Site "Torino ITA"]
[Date "2002.11.21"]
[Round "4"]
[White "Gerard, Nicolas"]
[Black "Ranieri, Fabrizio"]
[Result "1-0"]
[WhiteElo "2254"]
[BlackElo "2173"]
[PlyCount "69"]
[EventDate "2002.11.18"]

1. d4 e6 2. c4 d5 3. Nc3 Nf6 4. cxd5 exd5 5. Bg5 Be7 6. e3 O-O 7. Bd3 Nbd7 8.
Qc2 c6 9. Nge2 Re8 10. O-O Nf8 11. f3 h6 12. Bh4 c5 13. Bxf6 Bxf6 14. dxc5 Rxe3
15. Rad1 Be6 16. Be4 Qa5 17. Nxd5 Bxd5 18. Rxd5 Rd8 19. Rxd8 Bxd8 20. Kf2 Rxe4
21. fxe4 Be7 22. Kg1 Bxc5+ 23. Kh1 Ne6 24. a3 Qb5 25. a4 Qa6 26. Rd1 b5 27.
axb5 Qxb5 28. b3 Qb4 29. Qc4 Qa3 30. Nc3 Qa5 31. Rf1 Qd8 32. Qd5 Qa5 33. Na4
Qb5 34. Qf5 Qxb3 35. Nxc5 1-0

[Event "IV Scaccomatto A"]
[Site "Torino ITA"]
[Date "2002.11.21"]
[Round "4"]
[White "Janev, Evgeni"]
[Black "Bjarnason, Oskar"]
[Result "1-0"]
[WhiteElo "2473"]
[BlackElo "2195"]
[PlyCount "63"]
[EventDate "2002.11.18"]

1. e4 d5 2. exd5 Qxd5 3. Nc3 Qa5 4. d4 c6 5. Nf3 Nf6 6. Bd2 Qb6 7. Na4 Qc7 8.
Bd3 Bg4 9. h3 Bh5 10. Qe2 Nbd7 11. O-O-O e6 12. g4 Bg6 13. Bxg6 hxg6 14. Ng5 b5
15. Rhe1 Bd6 16. Nc3 Nb6 17. Nxe6 fxe6 18. g5 Nfd5 19. Qxe6+ Kd8 20. Qxg6 Nxc3
21. Bxc3 Qd7 22. d5 Nxd5 23. Bxg7 Rxh3 24. Be5 Kc7 25. Rxd5 cxd5 26. Bxd6+ Qxd6
27. Qf7+ Kc6 28. Re6 Rhh8 29. g6 Rh1+ 30. Kd2 Rh2 31. Rxd6+ Kxd6 32. g7 1-0

[Event "IV Scaccomatto A"]
[Site "Torino ITA"]
[Date "2002.11.21"]
[Round "4"]
[White "Maccagno, Giancarlo"]
[Black "Racioppo, Paolo"]
[Result "1/2-1/2"]
[WhiteElo "2130"]
[BlackElo "2208"]
[PlyCount "59"]
[EventDate "2002.11.18"]

1. e4 d6 2. d4 Nf6 3. Nc3 c6 4. Nf3 b5 5. Bd3 b4 6. Ne2 Nbd7 7. a3 bxa3 8. bxa3
e5 9. dxe5 dxe5 10. O-O Bc5 11. Bb2 Qc7 12. Ng3 Rb8 13. Bc3 g6 14. Qd2 h5 15.
Qg5 Ng4 16. h3 Be7 17. Qd2 Nh6 18. Bc4 f6 19. Rfd1 Nf7 20. Nh4 Rg8 21. Bb4 Nb6
22. Bxf7+ Kxf7 23. Bxe7 Qxe7 24. Qh6 Qf8 25. Qe3 Be6 26. a4 Qe7 27. Qh6 Qf8 28.
Qe3 c5 29. Rab1 Qe7 30. Qh6 1/2-1/2

[Event "IV Scaccomatto A"]
[Site "Torino ITA"]
[Date "2002.11.21"]
[Round "4"]
[White "Mrdja, Milan"]
[Black "Ivanov, Jordan"]
[Result "1/2-1/2"]
[WhiteElo "2368"]
[BlackElo "2429"]
[PlyCount "22"]
[EventDate "2002.11.18"]

1. e4 e5 2. Nf3 Nf6 3. Nxe5 d6 4. Nf3 Nxe4 5. Qe2 Qe7 6. d3 Nf6 7. Bg5 Qxe2+ 8.
Bxe2 Be7 9. Nc3 Bd7 10. O-O-O Nc6 11. Rhe1 O-O-O 1/2-1/2

[Event "IV Scaccomatto A"]
[Site "Torino ITA"]
[Date "2002.11.21"]
[Round "4"]
[White "Pepino, Enrico"]
[Black "Fittante, Giuliana"]
[Result "1-0"]
[WhiteElo "2084"]
[BlackElo "1779"]
[PlyCount "59"]
[EventDate "2002.11.18"]

1. e4 Nf6 2. Nc3 d5 3. e5 Nfd7 4. d4 e6 5. f4 c5 6. Nf3 Nc6 7. Be3 f6 8. exf6
Qxf6 9. Qd2 cxd4 10. Bxd4 Nxd4 11. Qxd4 Bc5 12. Qxf6 Nxf6 13. Bb5+ Bd7 14.
Bxd7+ Kxd7 15. Ne5+ Ke7 16. Nd3 Bb6 17. g3 Rac8 18. O-O-O Ng4 19. Rhe1 Ne3 20.
Rd2 d4 21. Na4 Ba5 22. b4 Rc4 23. a3 Rhc8 24. Ree2 Bc7 25. Ndb2 Bd6 26. Nxc4
Rxc4 27. Nb2 Rc3 28. Rxd4 Rxa3 29. Rxe3 Rxe3 30. Rxd6 1-0

[Event "IV Scaccomatto A"]
[Site "Torino ITA"]
[Date "2002.11.21"]
[Round "4"]
[White "Sorcinelli, Francesco"]
[Black "Pulito, Alberto"]
[Result "1/2-1/2"]
[WhiteElo "1965"]
[BlackElo "2019"]
[PlyCount "26"]
[EventDate "2002.11.18"]

1. Nf3 d5 2. g3 Nf6 3. Bg2 Bf5 4. d3 e6 5. O-O Bc5 6. Nbd2 c6 7. Qe1 h6 8. a3
a5 9. b3 Qc7 10. Bb2 Nbd7 11. e4 Bh7 12. c4 dxe4 13. dxe4 e5 1/2-1/2

[Event "IV Scaccomatto A"]
[Site "Torino ITA"]
[Date "2002.11.21"]
[Round "4"]
[White "Vozza, Nicola"]
[Black "Malano, Francesco"]
[Result "1-0"]
[WhiteElo "1822"]
[BlackElo "2062"]
[PlyCount "79"]
[EventDate "2002.11.18"]

1. d4 d5 2. c4 c6 3. Nc3 Nf6 4. e3 e6 5. Bd3 Be7 6. Nf3 dxc4 7. Bxc4 b5 8. Bd3
a6 9. O-O Nbd7 10. e4 O-O 11. a3 c5 12. e5 Ne8 13. d5 exd5 14. Nxd5 Bb7 15. Be4
Ra7 16. Nxe7+ Qxe7 17. Bg5 Qe6 18. Bxb7 Rxb7 19. Bf4 Nb6 20. Bg3 h6 21. Qc2 Qe7
22. Nh4 g6 23. f4 Nc4 24. Rae1 Rd7 25. Qc1 Nd2 26. Rf2 Nb3 27. Qe3 Nd4 28. f5
g5 29. f6 Qe6 30. Ref1 Nd6 31. Nf3 Nc4 32. Nxd4 cxd4 33. Qf3 d3 34. Qh5 Kh7 35.
h4 Rg8 36. Rf5 Ne3 37. Rxg5 Nxf1 38. Rxg8 Kxg8 39. Bf4 Rd4 40. Bg5 1-0

[Event "IV Scaccomatto A"]
[Site "Torino ITA"]
[Date "2002.11.22"]
[Round "5"]
[White "Bjarnason, Oskar"]
[Black "Pepino, Enrico"]
[Result "1-0"]
[WhiteElo "2195"]
[BlackElo "2084"]
[PlyCount "67"]
[EventDate "2002.11.18"]

1. e4 c5 2. Nf3 d6 3. d4 cxd4 4. Nxd4 Nf6 5. Nc3 g6 6. Be3 Bg7 7. f3 O-O 8. Qd2
Nc6 9. O-O-O Nxd4 10. Bxd4 Be6 11. Nd5 Bxd5 12. exd5 Qd7 13. g4 Qa4 14. Kb1
Rfc8 15. b3 Qa3 16. g5 Nd7 17. Bxg7 Kxg7 18. Bh3 Rc7 19. Bxd7 Rxd7 20. h4 Qc5
21. h5 Rh8 22. Rh4 e6 23. Rc4 Qb6 24. h6+ Kf8 25. Qf4 f5 26. Rc8+ Rd8 27. Rxd8+
Qxd8 28. dxe6 Ke7 29. Qd4 Kxe6 30. Qd5+ Ke7 31. Re1+ Kf8 32. Qxb7 Rg8 33. f4 d5
34. Re6 1-0

[Event "IV Scaccomatto A"]
[Site "Torino ITA"]
[Date "2002.11.22"]
[Round "5"]
[White "Fassio, Luca"]
[Black "Soncin, Denis"]
[Result "1-0"]
[WhiteElo "2194"]
[BlackElo "2048"]
[PlyCount "85"]
[EventDate "2002.11.18"]

1. e4 c5 2. c3 g6 3. d4 cxd4 4. cxd4 d5 5. e5 Bg7 6. Nf3 Bg4 7. Be2 Nh6 8. O-O
Nc6 9. Nc3 O-O 10. h3 Bxf3 11. Bxf3 e6 12. g4 Qh4 13. Bg2 f6 14. exf6 Bxf6 15.
Be3 Nf7 16. f4 Bg7 17. Qd2 Nd6 18. b3 h5 19. Bf2 Qf6 20. Ne2 hxg4 21. hxg4 Rad8
22. Rad1 Ne7 23. Qe3 Rc8 24. Rd2 Nc6 25. Rfd1 Qf7 26. Bg3 Nb5 27. a4 Nc7 28.
Rf1 Qe7 29. Qd3 Qf7 30. Rdd1 Nb4 31. Qf3 Ne8 32. Be1 Nc6 33. b4 Qe7 34. Qb3 Nf6
35. b5 Nd8 36. Bb4 Qf7 37. Bxf8 Qxf8 38. f5 Nxg4 39. fxe6 Qd6 40. Qh3 Nf6 41.
e7 Ne6 42. Nf4 Nxf4 43. Qxc8+ 1-0

[Event "IV Scaccomatto A"]
[Site "Torino ITA"]
[Date "2002.11.22"]
[Round "5"]
[White "Fittante, Giuliana"]
[Black "Malano, Francesco"]
[Result "1/2-1/2"]
[WhiteElo "1779"]
[BlackElo "2062"]
[PlyCount "82"]
[EventDate "2002.11.18"]

1. d4 d5 2. Nf3 Nf6 3. Bg5 Nbd7 4. Nbd2 g6 5. e3 Bg7 6. c4 c6 7. Be2 O-O 8. O-O
Re8 9. Rc1 dxc4 10. Nxc4 Ne4 11. Bf4 Nb6 12. h3 Be6 13. Nfe5 Nd6 14. Nxb6 Qxb6
15. b3 Red8 16. Nd3 f6 17. Qc2 Bf7 18. Qc5 Bf8 19. Qc2 Nf5 20. Nc5 e6 21. Qb2
a5 22. Rc2 Qa7 23. Rfc1 Re8 24. Nd7 Bg7 25. Bc7 Rac8 26. Bb6 Qa8 27. Rc5 Rcd8
28. Rxa5 Qc8 29. Bxd8 Qxd8 30. Rxf5 gxf5 31. Nc5 e5 32. Nxb7 Qe7 33. Na5 Bd5
34. Bc4 Kf8 35. Bd3 Qe6 36. Qa3+ Kf7 37. Rc5 exd4 38. exd4 Qe1+ 39. Bf1 Bf8 40.
Rc1 Qxf1+ 41. Rxf1 Bxa3 1/2-1/2

[Event "IV Scaccomatto A"]
[Site "Torino ITA"]
[Date "2002.11.22"]
[Round "5"]
[White "Ivanov, Jordan"]
[Black "Maccagno, Giancarlo"]
[Result "1-0"]
[WhiteElo "2429"]
[BlackElo "2130"]
[PlyCount "85"]
[EventDate "2002.11.18"]

1. Nf3 g6 2. d4 d6 3. e4 Bg7 4. Nc3 Nf6 5. h3 c6 6. a4 O-O 7. Be3 Nbd7 8. a5
Qc7 9. Be2 e5 10. dxe5 dxe5 11. Bc4 Rb8 12. O-O b5 13. axb6 axb6 14. Qd3 b5 15.
Bb3 Nb6 16. Rfd1 Nc4 17. Bc1 h6 18. Bxc4 bxc4 19. Qxc4 Be6 20. Qc5 Nd7 21. Qa5
Qb7 22. Qa7 Rfc8 23. Qxb7 Rxb7 24. Ra6 Bf8 25. b3 Bb4 26. Na2 Bf8 27. Ba3 c5
28. Nc3 c4 29. b4 Nb8 30. Ra4 Bd7 31. Ra8 f6 32. Nd5 Kf7 33. c3 Bc6 34. Bc1 Rd7
35. Ra5 Rcd8 36. Be3 Ke6 37. Ba7 Be7 38. Nd2 f5 39. Bxb8 Rxb8 40. Ra6 fxe4 41.
Nxc4 Rxd5 42. Rxc6+ Kd7 43. Nxe5+ 1-0

[Event "IV Scaccomatto A"]
[Site "Torino ITA"]
[Date "2002.11.22"]
[Round "5"]
[White "Janev, Evgeni"]
[Black "Gerard, Nicolas"]
[Result "1-0"]
[WhiteElo "2473"]
[BlackElo "2254"]
[PlyCount "73"]
[EventDate "2002.11.18"]

1. e4 c5 2. Nf3 d6 3. d4 Nf6 4. Nc3 cxd4 5. Nxd4 a6 6. g3 e5 7. Nde2 Nbd7 8. a4
b6 9. Bg2 Bb7 10. O-O Be7 11. Nd5 Nxd5 12. exd5 Rc8 13. b3 O-O 14. c4 a5 15. f4
Bf6 16. Rb1 Re8 17. fxe5 Bxe5 18. Nd4 Nc5 19. Nc6 Qd7 20. Be3 g6 21. Nxe5 Rxe5
22. Bd4 Ree8 23. g4 Ba6 24. Qf3 Nxb3 25. Rxb3 Rxc4 26. Qf6 Rxd4 27. Qxd4 Bxf1
28. Bxf1 f5 29. Bb5 Re1+ 30. Kf2 Qe7 31. gxf5 Rh1 32. Kg2 Rc1 33. Rg3 Rc2+ 34.
Kf3 Qf8 35. Qf4 Rb2 36. Qg5 Qc8 37. Bd3 1-0

[Event "IV Scaccomatto A"]
[Site "Torino ITA"]
[Date "2002.11.22"]
[Round "5"]
[White "Pulito, Alberto"]
[Black "Mrdja, Milan"]
[Result "0-1"]
[WhiteElo "2019"]
[BlackElo "2368"]
[PlyCount "134"]
[EventDate "2002.11.18"]

1. e4 d6 2. d4 Nd7 3. Nc3 e5 4. Nf3 Ngf6 5. Bc4 Be7 6. O-O O-O 7. a4 c6 8. h3
b6 9. Re1 a6 10. Bg5 Re8 11. Bxf6 Bxf6 12. d5 c5 13. Qe2 Rf8 14. Bd3 Be7 15.
Nd2 g6 16. Rf1 Kh8 17. Nc4 Nf6 18. f4 exf4 19. Rxf4 Nh5 20. Rf3 f6 21. Ne3 Re8
22. Qf2 Bd7 23. Qf1 Qc8 24. Ncd1 Qb7 25. c4 Rab8 26. Nc3 Qc8 27. Qf2 Rf8 28.
Rf1 Qe8 29. Qc2 Bd8 30. Ng4 Be7 31. Ne3 Rg8 32. b3 Rb7 33. Qb1 Bd8 34. Ng4 Bc8
35. Nh6 Rf8 36. Ng4 Bxg4 37. hxg4 Ng7 38. Ne2 Qe5 39. Nf4 Kg8 40. Nh3 Rbf7 41.
Qa1 Qe7 42. Nf4 Qd7 43. Rg3 Re8 44. Qd1 Re5 45. Kh1 Qe8 46. Kg1 Rfe7 47. Nh3
Rf7 48. Nf4 Ra7 49. Qc2 Qd7 50. Qd1 Re8 51. Qc2 Qe7 52. Qb2 Rf8 53. Qb1 Qe8 54.
Rh3 Qe5 55. Qa1 Qg5 56. Qd1 Re7 57. Rf2 Ree8 58. Rf1 Rf7 59. Rf2 Ref8 60. Qe2
Re8 61. Qd1 Rff8 62. Rf1 Re7 63. Rf2 Ne8 64. Ne6 Rxe6 65. dxe6 Nc7 66. Qd2 Qxd2
67. Rxd2 Nxe6 0-1